000
00288nam a22001337a 4500
008
170911b xxu||||| |||| 00| 0 eng d
020
_a
9780631136880
041
_a
eng
080
_a
91
100
_a
91
101
_a
GEO
245
_a
STATISTICS GEOGRAPHY
_c
EBDON.D
942
_2
udc
_c
BK
999
_c
26985
_d
26985